01434nam a2200337 a 4500001001000000003000500010005001700015008004100032010001100073011001100084040000900095090001000104100004500114245014800159260004100307500006000348502009900408590004100507590004100548590004000589590004000629650004700669650003200716650004000748901000700788942001000795942000600805999001900811952013100830952013500961000113980CHAP20220329144422.0171016s2017 mx sm |||||||spa d a110441 a111413 cCHAP aTesis1 aVelázquez Beltrán, Moisés.913377510aDiseño conceptual de una máquina para elaborar obleash[SE RETIRÓ EL CONTENIDO POR TRÁMITE DE PATENTE]cMoisés Velázquez Beltrán. aChapingo, Méx. :bEl autor,c2017. aEL CONTENIDO DE ESTE REGISTRO SE RETIRÓ TEMPORALMENTE aTesis (Ing. Mecánico Agrícola) -- UACH. Departamento de Ingeniería Mecánica Agrícola aE11695DGDb10c20190826lUCH01h1059 aE11695DGDb10c20190826lUCH01h1059 aE6337LMJb05c20171016lUCH01h1250 aE6337LMJb05c20171016lUCH01h125014aAlimentosxImplementos y maquinaria.9422514aAlimentosxIndustria.9422714aConfiteríaxTecnología.9133776 aBK cTESIS n0 c110441d110441 00104054718TESISaBCbBCd2017-10-16fTESISl0oTesisp113981-10r2019-12-31 00:00:00w2019-12-31yTESISzRecien adquirido 00102local4053708TESISaBCbBCcPA_TESISd2017-10-16fTESISl0oTesisp113981-20r2019-12-31 00:00:00tc.2w2019-12-31yTESIS